00345nam a2200133Ia 4500008004100000041000800041082001600049100001700065245004500082260004300127300002400170365001100194440000600205240624s9999 xx 000 0 und d aeng a658.421 DES aDESAI VASANT aENTREPRENEURIAL DEVELOPMENT THE ENTREPRE c2008aMumbaibHimalaya Books Pvt. Ltd. a419 : p. : cm. ; 22 cRSb25 v1